000 00562nam a2200217Ia 4500
003 OSt
005 20220928144436.0
006 a|||||r|||| 00| 0
007 ta
008 220927b |||||||| |||| 00| 0 eng d
024 _a68808
037 _cTextual
040 _aSDCL
_cSDCL
_beng
041 _2eng
_aeng
082 _aO-,8K67:g, L3
100 _aUlman Craig Hawkins
_9507736
245 0 _aSatire and the correspondence of Swift.
260 _c1973
942 _hO-,8K67:g, L3
_cTEXL
_2CC
999 _c827245
_d827245